Catalog

Record Details

Catalog Search



Zkoumání lidského rozumu  Cover Image Book Book

Zkoumání lidského rozumu / David Hume ; z anglického originálu Enquiry concerning human understanding přeložil Vojtěch Gaja

Record details

  • Physical Description: 223 stran
  • Edition: Vydání I.
  • Publisher: Praha, Svoboda, 1972
Subject: filozofie
rozum
myšlení
skepticismus
Genre: příručky

Available copies

  • 1 of 1 copy available at Common Catalog SPOK.

Holds

  • 0 current holds with 1 total copy.
Show All Copies
Location Call Number / Copy Notes Barcode Shelving Location Status Due Date
Jabok Library FL-3/Hu 424480004390 Odborná literatura Available -

LDR 02855nam a22008537i 4500
00115624
003CZ-PrJAB
00520200108105224.0
007ta
008160530s1972 xr |||| ||cze||
015 . ‡acnb000119566
020 . ‡q(Brožováno)
035 . ‡a(CZ PrSKC)000237424
035 . ‡a(OCoLC)42169194
040 . ‡aCBD007 ‡bcze ‡erda ‡91
072 7. ‡a159.95 ‡xVyšší duševní procesy ‡2Konspekt ‡917
080 . ‡a101 ‡2MRF
080 . ‡a17.021.4 ‡2MRF
080 . ‡a159.955 ‡2MRF
080 . ‡a(035) ‡2MRF
1001 . ‡aHume, David, ‡d1711-1776 ‡7jn19990003749 ‡4aut
24010. ‡aEnquiry concerning human understanding. ‡lČesky
24510. ‡aZkoumání lidského rozumu / ‡cDavid Hume ; z anglického originálu Enquiry concerning human understanding přeložil Vojtěch Gaja
250 . ‡aVydání I.
264 1. ‡aPraha, ‡bSvoboda, ‡c1972
300 . ‡a223 stran
336 . ‡atext ‡btxt ‡2rdacontent
337 . ‡abez média ‡bn ‡2rdamedia
338 . ‡asvazek ‡bnc ‡2rdacarrier
65007. ‡afilozofie ‡7ph114540 ‡2czenas
65007. ‡arozum ‡7ph198708 ‡2czenas
65007. ‡amyšlení ‡7ph115391 ‡2czenas
65007. ‡askepticismus ‡7ph125573 ‡2czenas
6530 . ‡agnozeologie
655 7. ‡apříručky ‡7fd133209 ‡2czenas
7001 . ‡aGaja, Vojtěch, ‡d1912-1992 ‡7jk01032254 ‡4trl
910 . ‡aABG312
995 . ‡aska
901 . ‡a15624 ‡bCZ PrSKC ‡c15624 ‡tbiblio

Additional Resources